[Event "4NCL Division 1d"]
[Site "Telford, ENG"]
[Date "2017.03.05"]
[Round "8.84"]
[White "Guthrie, David"]
[Black "Rogers, Jonathan W"]
[Result "0-1"]
[WhiteElo "2168"]
[BlackElo "2308"]
[PlyCount "70"]
[EventDate "2017.03.05"]
[WhiteTeam "Kings Head"]
[BlackTeam "Barbican 4NCL 2"]

1. d4 d5 2. c4 e5 3. dxe5 d4 4. Nf3 Nc6 5. a3 Be6 6. e3 dxe3 7. Qxd8+ Rxd8 8.
Bxe3 Nge7 9. Nbd2 h6 10. h3 Ng6 11. Be2 Ngxe5 12. O-O g6 13. Nxe5 Nxe5 14. Rad1
b6 15. Bf4 Bg7 16. b3 g5 17. Bg3 c5 18. f4 gxf4 19. Bxf4 Nc6 20. Nf3 Rxd1 21.
Bxd1 Bb2 22. a4 Bg7 23. Bc2 O-O 24. Rd1 Re8 25. Rd6 Nb4 26. Bb1 Bc8 27. Kf2 Be6
28. g4 Bf8 29. Rd2 Nc6 30. Bc2 Kg7 31. Nh4 Be7 32. Nf5+ Bxf5 33. Bxf5 Bh4+ 34.
Kg2 Nd4 35. Bc2 Be1 0-1

[Event "4NCL Division 1d"]
[Site "Telford, ENG"]
[Date "2017.03.05"]
[Round "8.85"]
[White "Chapman, Terry P D"]
[Black "Foord, Dominic"]
[Result "1-0"]
[WhiteElo "2251"]
[BlackElo "2089"]
[PlyCount "83"]
[EventDate "2017.03.05"]
[WhiteTeam "Barbican 4NCL 2"]
[BlackTeam "Kings Head"]

1. Nf3 d5 2. d4 Nf6 3. c4 e6 4. g3 Bb4+ 5. Bd2 Be7 6. Bg2 c6 7. Qc2 O-O 8. O-O
b6 9. Bf4 Bb7 10. Rd1 Nbd7 11. Ne5 Rc8 12. Nc3 Nh5 13. Bc1 f5 14. Qa4 Nxe5 15.
dxe5 a6 16. Qb3 b5 17. e4 fxe4 18. Bh3 Qb6 19. Be3 Bc5 20. Na4 bxa4 21. Qxb6
Bxb6 22. Bxe6+ Kh8 23. Bxb6 Rce8 24. Bc5 Rxe6 25. Bxf8 Rxe5 26. cxd5 cxd5 27.
Rac1 Re8 28. Bc5 Kg8 29. Bd4 Re6 30. Rc7 Bc6 31. Rc1 Bb5 32. R1c5 Bc4 33. Rb7
h6 34. b3 axb3 35. axb3 Be2 36. h3 Rd6 37. Rcc7 Rg6 38. Kh2 Bf3 39. g4 Rg5 40.
Ra7 Rg6 41. Rf7 Nf6 42. Bxf6 1-0

[Event "4NCL Division 1d"]
[Site "Telford, ENG"]
[Date "2017.03.05"]
[Round "8.86"]
[White "Mackenzie, Colin"]
[Black "Coleman, David J"]
[Result "1/2-1/2"]
[WhiteElo "2095"]
[BlackElo "2143"]
[PlyCount "101"]
[EventDate "2017.03.05"]
[WhiteTeam "Kings Head"]
[BlackTeam "Barbican 4NCL 2"]

1. c4 c5 2. g3 g6 3. Bg2 Bg7 4. Nc3 Nc6 5. a3 d6 6. Rb1 a5 7. Nf3 e5 8. d3 Nge7
9. O-O O-O 10. Bg5 f6 11. Be3 Be6 12. Ne1 Qd7 13. Nd5 Bxd5 14. cxd5 Na7 15. b4
cxb4 16. axb4 Nb5 17. Bd2 a4 18. e4 Rfc8 19. Nc2 Rxc2 20. Qxc2 Na3 21. Qb2 Nxb1
22. Rxb1 Nc8 23. b5 Bf8 24. Qa3 Be7 25. Rb4 Nb6 26. Be3 Bd8 27. Bf3 Ra5 28. Be2
Rxb5 29. d4 Rxb4 30. Qxb4 Qc7 31. dxe5 fxe5 32. Kg2 Kg7 33. Qb5 Qd7 34. Qb2 Qc7
35. h4 Nd7 36. Qb5 Nf6 37. Qxa4 b6 38. Qb4 Nd7 39. Qb5 Nc5 40. Bf3 Qd7 41. Qb2
Qa7 42. Bxc5 bxc5 43. Qb5 Qc7 44. Be2 Qe7 45. Bg4 Bc7 46. Be6 Bd8 47. Kh3 Qf6
48. Qd7+ Qe7 49. Qc6 Qf8 50. Kg2 Qe7 51. Qb5 1/2-1/2

[Event "4NCL Division 1d"]
[Site "Telford, ENG"]
[Date "2017.03.05"]
[Round "8.87"]
[White "Moss, Guy"]
[Black "Davey, Mark"]
[Result "1-0"]
[WhiteElo "2082"]
[BlackElo "2095"]
[PlyCount "63"]
[EventDate "2017.03.05"]
[WhiteTeam "Barbican 4NCL 2"]
[BlackTeam "Kings Head"]

1. e4 Nf6 2. e5 Nd5 3. c4 Nb6 4. d4 d6 5. Nf3 Nc6 6. exd6 cxd6 7. Be2 g6 8. b3
Bg7 9. Bb2 O-O 10. O-O e5 11. d5 Ne7 12. Nc3 f5 13. b4 a5 14. a3 Bd7 15. Qb3
Kh8 16. Rfd1 h6 17. c5 Nbc8 18. Nd2 f4 19. Nce4 axb4 20. axb4 Rxa1 21. Rxa1 Bf5
22. Ra8 Qd7 23. Nxd6 g5 24. Bb5 Qc7 25. Nxf5 Nxf5 26. d6 Nfxd6 27. cxd6 Qxd6
28. Ne4 Qc7 29. Qc4 Qd8 30. Qc2 Rg8 31. Bc4 Rf8 32. Be6 1-0

[Event "4NCL Division 1d"]
[Site "Telford, ENG"]
[Date "2017.03.05"]
[Round "8.88"]
[White "Gilfillan, Andrew"]
[Black "Regan, Natasha K"]
[Result "1-0"]
[WhiteElo "2072"]
[BlackElo "1995"]
[PlyCount "33"]
[EventDate "2017.03.05"]
[WhiteTeam "Kings Head"]
[BlackTeam "Barbican 4NCL 2"]

1. c4 Nf6 2. g3 g6 3. Bg2 Bg7 4. Nc3 O-O 5. e4 d6 6. Nge2 e5 7. d3 Nh5 8. h3 f5
9. exf5 gxf5 10. g4 fxg4 11. hxg4 Nf4 12. Nxf4 exf4 13. Bd5+ Kh8 14. Qf3 Nc6
15. Bxf4 Qe7+ 16. Kf1 Be5 17. Rxh7+ 1-0